[Event "SRB-ch Men Semifinal 2019"]
[Site "Kragujevac"]
[Date "2019.03.13"]
[Round "8.8"]
[White "Savic, Miodrag R"]
[Black "Nestorovic, Nikola"]
[Result "1-0"]
[WhiteElo "2497"]
[BlackElo "2467"]
[Annotator "TA"]
[PlyCount "79"]
[EventDate "2019.03.08"]
[EventType "swiss"]
[EventCountry "SRB"]
[SourceTitle "playchess.com"]
[Source "ChessBase"]
[SourceQuality "1"]

{[%evp 14,79,13,-3,20,3,49,16,20,9,30,0,21,14,12,18,31,-25,-19,-15,55,13,14,0,0,-4,6,19,54,-10,58,57,82,79,79,48,51,61,62,60,53,20,9,26,173,0,49,0,101,64,64,71,65,0,90,91,126,53,204,214,271,269,263,246,225,231,2878,2804]} 1. e4 d6 2. Bc4 Nf6 3. d3 c5 4. Nf3 Nc6 5. c3 e6 6. Bb3 Be7 7. O-O O-O 8. Re1 Bd7 {B50: Sicilian: 2...d6, Miscellaneous} (8... e5 9. Nbd2 b5 10. a4 b4 11. Nc4 Rb8 12. Bg5 Be6 13. Rb1 Nd7 14. Bxe7 Qxe7 15. Nfd2 Nf6 16. a5 Qc7 {½-½ (49) Artemiev,V (2697)-Nepomniachtchi,I (2751) Moscow 2018}) 9. Nbd2 Ne5 10. Nf1 $146 ({Predecessor:} 10. Nxe5 dxe5 11. Nc4 Qc7 12. a4 b5 13. axb5 Bxb5 14. Qf3 Nd7 15. Qg3 Bf6 16. Rd1 {1-0 (28) Rabiega,R (2508)-Friedrich,W (2183) Berlin 2010}) 10... Bc6 {The position is equal.} 11. Ng3 Rc8 12. Bc2 Qb6 13. Ng5 h6 14. Nh3 Ng6 15. Nh5 ({White should try} 15. a4 $14) 15... e5 16. Bb3 Qd8 (16... Rcd8 $11) 17. Nxf6+ Bxf6 18. Qh5 d5 19. Be3 b6 20. Rad1 Re8 21. Bc1 (21. f4 $14) 21... Rc7 (21... a5 $11) 22. f4 $14 b5 23. f5 Nf8 24. Re3 {aiming for Rg3.} Nh7 $1 25. Rg3 {[#] Bxh6 is the strong threat.} Kh8 $1 26. exd5 Bxd5 27. c4 Bb7 28. cxb5 Bd5 {[#]} (28... Qe7 $1 $11 {and Black has nothing to worry.}) 29. Bc4 $2 (29. Bxd5 $1 $18 Qxd5 30. Nf2) 29... Rd7 {Hoping for ...Bxc4.} 30. Rf1 {Black should prevent Bxd5.} Ree7 (30... e4 $11) 31. Nf2 Bxc4 32. dxc4 {Threatens to win with Bxh6!} e4 33. Be3 (33. Kh1 $14) 33... Bd4 (33... Be5 $11) 34. Qg4 $36 {[%mdl 2048] Black is under strong pressure.} f6 35. Nh3 ({But not} 35. Nxe4 $2 Ng5 $19) ({White should play} 35. h4 $16) 35... Bxe3+ $2 (35... Ng5 $14) 36. Rxe3 $18 Rd4 37. Nf4 Nf8 38. Nd5 Re5 39. b3 Qa5 $2 (39... Rexd5 40. cxd5 Nd7 41. Rxe4 Ne5) 40. Rg3 {Accuracy: White = 32%, Black = 24%.} 1-0

[Event "SRB-ch Men Semifinal 2019"]
[Site "Kragujevac"]
[Date "2019.03.13"]
[Round "8.9"]
[White "Milanovic, Danilo"]
[Black "Zlatanovic, Boroljub"]
[Result "1-0"]
[WhiteElo "2493"]
[BlackElo "2376"]
[Annotator "ChessBase"]
[PlyCount "36"]
[EventDate "2019.03.08"]
[EventType "swiss"]
[EventCountry "SRB"]
[SourceTitle "playchess.com"]
[Source "ChessBase"]
[SourceQuality "1"]
[TimeControl "40/5400+30:1800+30"]

1. d4 g6 2. c4 Bg7 3. e4 d6 4. Nc3 e5 5. Nge2 Nf6 6. f3 O-O 7. Be3 c6 8. d5 cxd5 9. cxd5 Ne8 10. Qd2 f5 11. O-O-O Bd7 12. Ng1 Nf6 13. Bd3 Na6 14. Nge2 Nb4 15. Kb1 Rc8 16. h3 fxe4 17. Bxe4 Qa5 18. a3 Na6 1-0

[Event "SRB-ch Men Semifinal 2019"]
[Site "Kragujevac"]
[Date "2019.03.13"]
[Round "8.10"]
[White "Radovanovic, Nikola"]
[Black "Rabrenovic, Vladan"]
[Result "1-0"]
[WhiteElo "2426"]
[BlackElo "2322"]
[Annotator "TA"]
[PlyCount "75"]
[EventDate "2019.03.08"]
[EventType "swiss"]
[EventCountry "SRB"]
[SourceTitle "playchess.com"]
[Source "ChessBase"]
[SourceQuality "1"]

{[%evp 15,75,25,23,27,31,15,39,33,29,19,36,7,14,12,35,14,56,61,79,21,102,109,72,76,150,145,138,143,169,164,169,169,162,169,167,168,177,169,169,168,168,168,164,164,207,207,264,259,276,261,261,244,492,476,485,483,478,463,466,426,495,495]} 1. d4 d5 2. c4 e6 3. Nc3 Nf6 4. cxd5 exd5 5. Bg5 c6 6. e3 Be7 7. Bd3 Nbd7 8. Qc2 Nh5 9. Bxe7 {D36: Queen's Gambit Declined: Exchange Variation: Main line (5 Bg5 c6 6 Qc2)} Qxe7 10. O-O-O Ndf6 (10... Nb6 11. Kb1 g6 12. Nge2 Be6 13. f3 O-O-O 14. Nc1 Kb8 15. Nb3 Ng7 16. Rhe1 Rhe8 17. Qf2 Qc7 18. Rc1 Ka8 19. h3 Bf5 20. e4 {½-½ (51) Tomashevsky,E (2702)-Braun,A (2581) Biograd 2018}) 11. h3 {White is slightly better.} g6 12. g4 Ng7 13. Nf3 Be6 $1 14. Ne5 $36 {[%mdl 2048] White fights for an advantage.} Nd7 15. f4 {next f5 is good for White.} Nxe5 16. dxe5 {[#]} Bd7 $146 ({Predecessor:} 16... f5 17. exf6 Qxf6 18. Rhf1 O-O-O 19. e4 dxe4 20. Nxe4 Qf7 21. Ng5 Qf6 22. Ne4 Qf7 23. Ng5 {½-½ (23) Ardeshi,M (2321)-Malakhatko,V (2533) Teheran 2014}) 17. Be2 ({Better is} 17. Kb1 $16) 17... f6 (17... Qc5 $11 {remains equal.}) 18. exf6 $16 Qxf6 19. Rhf1 Qe7 (19... O-O $142) 20. e4 dxe4 21. Qxe4 ({Don't do} 21. Nxe4 $6 O-O-O $14) 21... Rf8 22. Bc4 {Hoping for Rfe1.} Qxe4 23. Nxe4 {Black must now prevent Rfe1.} O-O-O {[#]} 24. Ng5 $1 h5 25. Nf7 hxg4 26. hxg4 Bxg4 27. Rxd8+ Rxd8 28. Nxd8 Kxd8 $18 {[%mdl 4096] Endgame KRB-KBN} 29. Bd3 Bf5 30. Bxf5 gxf5 {KR-KN} 31. Kd2 Ne6 32. Ke3 Ke7 33. Rh1 {aiming for Rh7+.} Nc7 $2 {[#]} (33... Nf8 34. b4 Nd7 35. Rh7+ Kd6 36. Rh6+ Ke7 37. Rh7+ Ke6) 34. Kd4 {White is clearly winning.} Kd6 35. Rh6+ Ne6+ 36. Ke3 Kd5 37. Rh7 b5 38. Rf7 {Accuracy: White = 84%, Black = 54%.} 1-0

[Event "SRB-ch Men Semifinal 2019"]
[Site "Kragujevac"]
[Date "2019.03.14"]
[Round "9.6"]
[White "Cabarkapa, Novak"]
[Black "Kovacevic, Aleksandar"]
[Result "1/2-1/2"]
[WhiteElo "2443"]
[BlackElo "2494"]
[Annotator "TA"]
[PlyCount "34"]
[EventDate "2019.03.08"]
[EventType "swiss"]
[EventCountry "SRB"]
[SourceTitle "playchess.com"]
[Source "ChessBase"]
[SourceQuality "1"]

{[%evp 15,17,0,-2,-6]} 1. Nf3 Nf6 2. g3 g6 3. Bg2 Bg7 4. O-O O-O 5. d3 d5 6. Nbd2 c5 7. e4 Nc6 8. exd5 Nxd5 9. Re1 {A08: King's Indian Attack} {Predecessor:} e5 $146 10. a3 h6 11. Rb1 Be6 12. c3 Rc8 13. Qc2 b6 14. h4 Re8 15. c4 Nc7 16. Qa4 Bd7 17. Ne4 Re6 {0-1 (47) Shoker,S (2466)-Eljanov,P (2733) Tsaghkadzor 2015} 1/2-1/2

[Event "SRB-ch Men Semifinal 2019"]
[Site "Kragujevac"]
[Date "2019.03.14"]
[Round "9.7"]
[White "Radovanovic, Mihajlo"]
[Black "Milanovic, Danilo"]
[Result "0-1"]
[WhiteElo "2483"]
[BlackElo "2493"]
[Annotator "TA"]
[PlyCount "72"]
[EventDate "2019.03.08"]
[EventType "swiss"]
[EventCountry "SRB"]
[SourceTitle "playchess.com"]
[Source "ChessBase"]
[SourceQuality "1"]

{[%evp 9,72,21,51,50,46,44,41,40,77,54,78,51,42,0,48,40,36,29,51,-9,-15,-28,0,-24,41,-16,62,56,58,0,-4,-22,-23,-46,-27,-28,-54,-39,-14,-23,-10,-12,-21,-18,-15,0,0,0,0,0,0,-3,0,-5,43,0,0,-240,-294,-289,-226,-533,-535,-533,-525]} 1. Nf3 Nf6 2. c4 d6 3. Nc3 Bf5 4. d4 g6 5. h3 Bg7 6. g4 {E61: King's Indian: Early deviations for White, including Smyslov System} Bd7 7. e4 O-O 8. Be3 {White is slightly better.} Na6 9. Be2 c5 10. d5 Nc7 11. Nd2 $146 ({Predecessor:} 11. a4 b6 12. Qd2 a6 {1-0 (29) Sargissian,G (2675)-Gagunashvili,M (2582) Rijeka 2010}) 11... b5 12. cxb5 Rb8 {[%cal Rc7b5,Ba8b8,Bb8b6,Bb6b4][%mdl 32]} 13. a4 {Threatening Nc4.} a6 $1 14. b6 (14. bxa6 $14 Rxb2 15. Qc1) 14... Rxb6 $11 15. Nc4 Rb4 16. O-O Qb8 (16... Nfe8 $11) 17. Rb1 ({White should play} 17. Re1 $14) 17... Na8 (17... h5 $1 $11) 18. e5 $14 Ne8 19. f4 ({Better is} 19. a5 $14) 19... Nb6 $11 20. b3 Nxc4 21. bxc4 Qc7 22. Rxb4 cxb4 23. Ne4 f5 24. exf6 Nxf6 25. Nxf6+ Bxf6 26. Qb3 $1 Qa5 27. Bd1 $1 Bc3 28. c5 dxc5 {next ...Kh8 is good for Black.} 29. d6+ e6 {White must now prevent ...Qb6.} 30. Qc4 $1 Kg7 31. Rf2 Bxa4 32. Ra2 Qb5 33. Qxb5 $2 (33. Qxe6 $11 {and White has nothing to worry.} Bxd1 34. d7) 33... Bxb5 $19 34. Bxc5 Rxf4 {[#] ...Rf1+ is the strong threat.} 35. Bb3 $2 (35. Ba4 {was the crucial defense.} Rc4 36. Bxb5 Rxc5 37. d7) 35... Bd4+ 36. Bxd4+ Rxd4 {Accuracy: White = 41%, Black = 58%.} 0-1

[Event "SRB-ch Men Semifinal 2019"]
[Site "Kragujevac"]
[Date "2019.03.14"]
[Round "9.8"]
[White "Damljanovic, Branko"]
[Black "Zajic, Milan"]
[Result "0-1"]
[WhiteElo "2495"]
[BlackElo "2485"]
[Annotator "TA"]
[PlyCount "73"]
[EventDate "2019.03.08"]
[EventType "swiss"]
[EventCountry "SRB"]
[SourceTitle "playchess.com"]
[Source "ChessBase"]
[SourceQuality "1"]

{[%evp 22,73,16,16,23,30,39,39,58,20,24,23,19,24,41,36,35,36,45,36,64,48,52,60,56,41,37,34,86,85,98,91,95,73,48,52,59,29,33,26,20,21,21,18,21,9,14,0,11,-316,-300,-320,-310,-454]} 1. Nf3 Nf6 2. c4 e6 3. Nc3 d5 4. d4 Bb4 5. Qa4+ Nc6 6. e3 O-O 7. Qc2 dxc4 8. Bxc4 a6 9. a3 Bd6 10. h3 e5 11. O-O Bd7 {E51: Nimzo-Indian: Rubinstein: 4...0-0 5 Nf3 d5} 12. Rd1 {LiveBook: 3 Games} Qc8 (12... exd4 13. exd4 h6 14. Be3 Ne7 15. Ne5 b5 16. Ba2 c6 17. Ne4 Nxe4 18. Qxe4 Bf5 19. Qf3 {1-0 (37) Mamedyarov,S (2768)-Inarkiev,E (2709) Doha 2016}) 13. d5 Ne7 {White has an edge.} 14. Bf1 $146 ({Predecessor:} 14. e4 Ng6 15. Be3 Nh5 16. Bf1 Nhf4 17. Ne2 f5 18. Nxf4 exf4 19. Bd4 fxe4 20. Qxe4 {1-0 (61) Cifuentes Parada,R (2483)-Estremera Panos,S (2353) Pamplona 2000}) 14... Ng6 15. Bd2 c6 16. dxc6 Bxc6 17. Be1 Bc7 18. Rac1 Bxf3 19. gxf3 {Strongly threatening Ne4.} Nh4 20. Bg2 Re8 21. Ne2 Nxg2 22. Kxg2 Bb6 $1 23. Rd6 Qxc2 24. Rxc2 Ba7 (24... Bd8 $14) 25. Ng3 $16 Rac8 26. Rxc8 Rxc8 27. Bc3 Bc5 28. Rd3 Re8 29. Rd2 g6 30. Ne2 Ba7 31. Bb4 Bb8 32. Nc3 Kg7 33. Na4 Rc8 34. Nb6 Rc6 35. Rd8 $2 {[%mdl 8192] [#]} (35. Nd7 $11 {and White stays safe.} Nxd7 36. Rxd7) 35... Bc7 $19 36. Bf8+ Kh8 37. Rd1 {Precision: White = 60%, Black = 61%.} (37. Ra8 {is a better defense.} Bxb6 38. Bd6+ Ng8 39. Bxe5+ f6 40. Bc3) 0-1